000
00267nam a22001217a 4500
008
171207b xxu||||| |||| 00| 0 eng d
041
_a
eng
080
_2
12 E
_a
658
100
_a
54
101
_a
LID
245
_a
ORGANIZATION BEHAVIOR
_c
SLOCUM.H
942
_2
udc
_c
BK
999
_c
38814
_d
38814